Normal view
MARC view
- الرقابة-الدستور الاردني -التشريع الاردني
Entry Topical Term
001 - CONTROL NUMBER
- control field: 59303
003 - CONTROL NUMBER IDENTIFIER
- control field: JO-AjAnu
005 - DATE AND TIME OF LATEST TRANSACTION
- control field: 20230606083711.0
008 - FIXED-LENGTH DATA ELEMENTS
- fixed length control field: 230606|| aca||aabn | a|a d
040 ## - CATALOGING SOURCE
- Original cataloging agency: JO-AjAnu
- Transcribing agency: JO-AjAnu
150 ## - HEADING--TOPICAL TERM
- Topical term or geographic name entry element: الرقابة-الدستور الاردني -التشريع الاردني
670 ## - SOURCE DATA FOUND
- Source citation: Work cat.: (JO-AjAnu)30247: اعداد القضاة، لينا علي محمد؛ اشراف منتصر احمد مفلح القضاة, author 59302, احكام الرقابة والطعن بدستورية القوانين في التشريع الاردني = Provisions of censorship and Appeal the constitutionality of laws in Jordanian legislation